[Event "Barcelona Sant Marti op-B 25th"]
[Site "Barcelona"]
[Date "2025.07.18"]
[Round "6"]
[White "Moreno Perez, Norberto"]
[Black "Gabaldon Escagedo, Jaime"]
[Result "0-1"]
[WhiteElo "1837"]
[BlackElo "1633"]
[PlyCount "80"]
[EventDate "2025.07.13"]
[EventType "swiss"]
[EventRounds "9"]
[EventCountry "ESP"]
[SourceTitle "CB30_2025"]
[SourceDate "2025.07.23"]
[SourceVersion "1"]
[SourceVersionDate "2025.07.23"]
[SourceQuality "1"]

1. e4 c5 2. Bc4 d6 3. Nf3 Nf6 4. c3 Nxe4 5. d4 cxd4 6. Nxd4 e6 7. 0-0 Nf6 8. Bb3 Be7 9. Qf3 0-0 10. h3 Nbd7 11. Nd2 Ne5 12. Qe2 Ng6 13. Ne4 Nxe4 14. Qxe4 d5 15. Qe2 e5 16. Nf3 Bf6 17. Nh2 Re8 18. Ng4 Bxg4 19. Qxg4 e4 20. Be3 Ne5 21. Qh5 g6 22. Qe2 Nd3 23. Rad1 a5 24. Bc2 Nxb2 25. Rb1 Nc4 26. Rxb7 Bxc3 27. Rfb1 Nd6 28. Ba4 Nxb7 29. Bxe8 Qxe8 30. Rxb7 d4 31. Bh6 d3 32. Qd1 Bg7 33. Bf4 Qc6 34. Qb3 Rf8 35. a4 Qf6 36. Be3 Rc8 37. Bd4 Qxd4 38. Qxf7+ Kh8 39. Rd7 Qf6 40. Qd5 Rc1+ 0-1

[Event "Barcelona Sant Marti op-B 25th"]
[Site "Barcelona"]
[Date "2025.07.15"]
[Round "3"]
[White "Gabaldon Escagedo, Jaime"]
[Black "Subirats Martinez, Miguel Angel"]
[Result "1/2-1/2"]
[WhiteElo "1633"]
[BlackElo "1797"]
[PlyCount "32"]
[EventDate "2025.07.13"]
[EventType "swiss"]
[EventRounds "9"]
[EventCountry "ESP"]
[SourceTitle "CB30_2025"]
[SourceDate "2025.07.23"]
[SourceVersion "1"]
[SourceVersionDate "2025.07.23"]
[SourceQuality "1"]

1. e4 e6 2. d4 d5 3. Nc3 dxe4 4. Nxe4 Bd7 5. Nf3 Bc6 6. Bd3 Nd7 7. Qe2 Ngf6 8. Neg5 Bxf3 9. Nxf3 c5 10. 0-0 Be7 11. Rd1 cxd4 12. Nxd4 0-0 13. Be3 Bc5 14. Nb3 Bxe3 15. Qxe3 Qb6 16. Qh3 Nc5 1/2-1/2